Country Name Decoder With Flags - Statistics

General Stats
  • This quiz has been taken 296 times
  • The average score is 9 of 10
Answer Stats
Flags Country % Correct
Brazil
98%
Pakistan
98%
Cyprus
91%
Ghana
91%
Lebanon
88%
Philippines
88%
Vietnam
82%
Nauru
81%
Turkey
81%
Dominica
78%
No matching quizzes found
Score Distribution
Percent of People with Each Score
Percentile by Number Answered
Your Score History
You have not taken this quiz